[Event "Lugano op 21st"]
[Site "Lugano"]
[Date "2022.11.05"]
[Round "2"]
[White "Zoldan, Matteo"]
[Black "Kaczmarek, Michal"]
[Result "1-0"]
[WhiteElo "2071"]
[BlackElo "1728"]
[PlyCount "54"]
[EventDate "2022.11.04"]
[EventType "swiss"]
[EventRounds "5"]
[EventCountry "SUI"]
[SourceTitle "CBM 211 Extra"]
[Source "ChessBase"]
[SourceDate "2023.01.31"]
[SourceVersion "1"]
[SourceVersionDate "2023.01.31"]
[SourceQuality "1"]

1. e4 d6 2. d4 Nf6 3. Nc3 e5 4. Nge2 Nbd7 5. g3 Be7 6. Bg2 0-0 7. 0-0 c6 8. a4 Qc7 9. h3 b6 10. Be3 Bb7 11. g4 d5 12. exd5 exd4 13. Nxd4 Nxd5 14. Nxd5 cxd5 15. Nb5 Qc6 16. c4 Nf6 17. Rc1 Qd7 18. g5 Ne8 19. cxd5 a6 20. Nc3 Nd6 21. Qg4 Qxg4 22. hxg4 Nc4 23. Bf4 Bd6 24. Bxd6 Nxd6 25. Rfe1 Rfe8 26. Ne4 Red8 27. Red1 Rac8 1-0

[Event "Wroclaw op-A"]
[Site "Wroclaw"]
[Date "2022.08.06"]
[Round "8"]
[White "Strebkovs, Andrejs"]
[Black "Zoldan, Matteo"]
[Result "1-0"]
[WhiteElo "2283"]
[BlackElo "2055"]
[PlyCount "130"]
[EventDate "2022.07.31"]
[EventType "swiss"]
[EventRounds "9"]
[EventCountry "POL"]
[SourceTitle "CBM 209 Extra"]
[Source "ChessBase"]
[SourceDate "2022.09.30"]
[SourceVersion "1"]
[SourceVersionDate "2022.09.30"]
[SourceQuality "1"]

1. e4 c5 2. Nf3 d6 3. Bc4 Nf6 4. d3 e6 5. 0-0 Be7 6. c3 0-0 7. Nbd2 Nc6 8. Bb3 b5 9. Re1 Bb7 10. Nf1 Rc8 11. Ng3 Ne5 12. Bc2 Qc7 13. h3 Rfe8 14. Nh2 Ned7 15. Ng4 Bf8 16. Bf4 Nxg4 17. Qxg4 Ne5 18. Qd1 Ng6 19. Bd2 d5 20. Rc1 dxe4 21. dxe4 Red8 22. Qe2 c4 23. e5 Qxe5 24. Bxg6 Qxe2 25. Bxf7+ Kxf7 26. Rxe2 Rd3 27. Be3 Bc5 28. Bxc5 Rxc5 29. Rce1 Rd6 30. Nf1 Rcd5 31. Ne3 Rd2 32. Rxd2 Rxd2 33. Rd1 Rxd1+ 34. Nxd1 Kf6 35. f3 e5 36. Kf2 Kf5 37. Ke3 Bc6 38. Nf2 Bd5 39. Nh1 Kf6 40. h4 Bc6 41. Ng3 Ke6 42. Nf1 Kf5 43. Nd2 Bd5 44. Nb1 e4 45. g4+ Ke5 46. f4+ Kf6 47. Na3 a6 48. Kd4 Bb7 49. Nc2 h5 50. gxh5 Kf5 51. Ke3 Kg4 52. Nd4 Kxh5 53. Ne6 g6 54. Nc5 Bc8 55. Nxe4 Kxh4 56. Nd6 Bf5 57. a4 bxa4 58. Nxc4 g5 59. fxg5 Kxg5 60. Nb6 Kf6 61. Kd4 Ke6 62. Kc5 Be4 63. Nxa4 Bd3 64. Kd4 Kd6 65. Kxd3 Kd5 1-0

[Event "Wroclaw op-A"]
[Site "Wroclaw"]
[Date "2022.07.31"]
[Round "2"]
[White "Zoldan, Matteo"]
[Black "Madera, Mateusz"]
[Result "1-0"]
[WhiteElo "2055"]
[BlackElo "1940"]
[PlyCount "71"]
[EventDate "2022.07.31"]
[EventType "swiss"]
[EventRounds "9"]
[EventCountry "POL"]
[SourceTitle "CBM 209 Extra"]
[Source "ChessBase"]
[SourceDate "2022.09.30"]
[SourceVersion "1"]
[SourceVersionDate "2022.09.30"]
[SourceQuality "1"]

1. c4 c5 2. Nc3 Nc6 3. g3 g6 4. Bg2 Bg7 5. d3 d6 6. e3 e5 7. Nge2 Nge7 8. a3 0-0 9. Rb1 a5 10. 0-0 Be6 11. Nd5 Rb8 12. Nec3 f5 13. Bd2 Kh8 14. Qe2 Ng8 15. b4 axb4 16. axb4 cxb4 17. Nxb4 Nce7 18. Nbd5 Nxd5 19. Nxd5 Ne7 20. Nxe7 Qxe7 21. Rb6 Rfd8 22. Rfb1 Bc8 23. Bb4 Qc7 24. Ba5 Qe7 25. R6b5 Re8 26. Bc6 Rf8 27. Bd5 Qf6 28. Bc3 Qg5 29. Qa2 f4 30. exf4 exf4 31. Bxg7+ Kxg7 32. Qa7 fxg3 33. hxg3 Bf5 34. Rxb7+ Rxb7 35. Rxb7+ Kf6 36. Qd4# 1-0

[Event "Locarno op 7th"]
[Site "Locarno"]
[Date "2022.04.10"]
[Round "4"]
[White "Rueger, Alexander"]
[Black "Zoldan, Matteo"]
[Result "0-1"]
[WhiteElo "1816"]
[BlackElo "2055"]
[PlyCount "72"]
[EventDate "2022.04.08"]
[EventType "swiss"]
[EventRounds "5"]
[EventCountry "SUI"]
[SourceTitle "CBM 207 Extra"]
[Source "ChessBase"]
[SourceDate "2022.05.31"]
[SourceVersion "1"]
[SourceVersionDate "2022.05.31"]
[SourceQuality "1"]

1. d4 Nf6 2. e3 g6 3. Bd3 Bg7 4. f4 d6 5. Nf3 0-0 6. 0-0 Nc6 7. c3 e5 8. e4 exd4 9. cxd4 Nb4 10. Nc3 Nxd3 11. Qxd3 c6 12. h3 d5 13. e5 Bf5 14. Qe3 Ne4 15. g4 Nxc3 16. bxc3 Be6 17. Rb1 b6 18. Rb2 Qe7 19. Rbf2 Rae8 20. Ng5 f5 21. c4 dxc4 22. Ba3 c5 23. dxc5 b5 24. c6 b4 25. Nxe6 Qxe6 26. Bxb4 Rf7 27. g5 Qxc6 28. Rc1 Rc7 29. Bd6 Rd7 30. Qf3 Qb5 31. Rfc2 Rc8 32. Qe2 Bf8 33. Rxc4 Qb6+ 34. Qf2 Rxc4 35. Rxc4 Bxd6 36. Qxb6 axb6 0-1

[Event "Locarno op 7th"]
[Site "Locarno"]
[Date "2022.04.08"]
[Round "1"]
[White "Zoldan, Matteo"]
[Black "Tedone, Francesco"]
[Result "1/2-1/2"]
[WhiteElo "2055"]
[BlackElo "1506"]
[PlyCount "51"]
[EventDate "2022.04.08"]
[EventType "swiss"]
[EventRounds "5"]
[EventCountry "SUI"]
[SourceTitle "CBM 207 Extra"]
[Source "ChessBase"]
[SourceDate "2022.05.31"]
[SourceVersion "1"]
[SourceVersionDate "2022.05.31"]
[SourceQuality "1"]

1. e4 e6 2. d4 d5 3. Nd2 c5 4. exd5 Qxd5 5. Ngf3 cxd4 6. Bc4 Qd7 7. Nb3 Nc6 8. 0-0 Nf6 9. Nbxd4 Nxd4 10. Nxd4 a6 11. Re1 Qc7 12. Bb3 Bd6 13. Nf3 0-0 14. Qe2 b5 15. Bg5 Nd7 16. c3 Bb7 17. h3 Nc5 18. Bc2 Rae8 19. Nd4 Bd5 20. Rad1 Qb7 21. Nf3 Ne4 22. Bxe4 Bxe4 23. Qxe4 Qxe4 24. Rxe4 Be7 25. Bxe7 Rxe7 26. Re2 1/2-1/2

[Event "Imperia op-A 36th"]
[Site "Imperia"]
[Date "2021.09.07"]
[Round "5.32"]
[White "Rossi, Giampiero"]
[Black "Zoldan, Matteo"]
[Result "0-1"]
[WhiteElo "2215"]
[BlackElo "1900"]
[PlyCount "76"]
[EventDate "1994.09.03"]
[EventType "swiss"]
[EventRounds "9"]
[EventCountry "ITA"]
[SourceTitle "EXT 2024"]
[Source "ChessBase"]
[SourceDate "2023.10.10"]
[SourceVersion "1"]
[SourceVersionDate "2023.10.10"]
[SourceQuality "1"]

1. d4 Nf6 2. c4 g6 3. g3 Bg7 4. Bg2 0-0 5. Nc3 d6 6. Nf3 Nc6 7. 0-0 e5 8. d5 Ne7 9. e4 Nd7 10. Ne1 f5 11. f3 a5 12. Nd3 b6 13. Bd2 h6 14. Qc2 g5 15. Rab1 Nf6 16. Nf2 Nh5 17. a3 f4 18. g4 Nf6 19. b4 h5 20. h3 Rf7 21. Rfc1 axb4 22. axb4 Ng6 23. c5 hxg4 24. hxg4 bxc5 25. bxc5 Bf8 26. c6 Rh7 27. Rb4 Qe7 28. Rcb1 Qg7 29. Rb8 Rxb8 30. Rxb8 Ne7 31. Qa2 Qh6 32. Be1 Qh4 33. Nd3 Qh2+ 34. Kf1 Bxg4 35. fxg4 Nxg4 36. Bf2 Rf7 37. Bf3 Qh3+ 38. Bg2 Qxd3+ 0-1

[Event "Gallipoli Salento op 9th"]
[Site "Gallipoli"]
[Date "2020.09.21"]
[Round "3"]
[White "Marzatico, Luca"]
[Black "Zoldan, Matteo"]
[Result "0-1"]
[WhiteElo "2009"]
[BlackElo "2093"]
[PlyCount "94"]
[EventDate "2020.09.19"]
[EventType "swiss"]
[EventRounds "9"]
[EventCountry "ITA"]
[SourceTitle "CBM 198 Extra"]
[Source "ChessBase"]
[SourceDate "2020.11.30"]
[SourceVersion "1"]
[SourceVersionDate "2020.11.30"]
[SourceQuality "1"]

1. d4 Nf6 2. Nf3 g6 3. g3 Bg7 4. Bg2 0-0 5. 0-0 d6 6. c4 Nbd7 7. Nc3 e5 8. dxe5 dxe5 9. h3 Re8 10. e4 c6 11. Qc2 Qe7 12. Be3 b6 13. Nd2 Nf8 14. c5 N6d7 15. cxb6 axb6 16. Rfd1 Ba6 17. Bf1 Bxf1 18. Kxf1 Ne6 19. Nf3 b5 20. b3 Ra3 21. Rd2 Rea8 22. Rad1 Ndc5 23. Qb1 Qb7 24. Ne2 h5 25. Nc1 b4 26. Kg2 R3a5 27. Qc2 Qb5 28. Kh2 Bf6 29. Qb1 R5a6 30. Rd6 Be7 31. R6d2 Bf6 32. Ne2 Bg7 33. Rc1 Bf6 34. Rc4 Bg7 35. Nc1 Nb7 36. Qc2 Na5 37. Ne1 Nxc4 38. bxc4 Qb7 39. Qd1 Nd4 40. Ned3 Ne6 41. Bc5 Bh6 42. Rb2 Qd7 43. Be3 Bxe3 44. fxe3 c5 45. Qf1 Qe7 46. h4 Nf8 47. Qf3 Nd7 0-1

[Event "Innsbruck op 4th"]
[Site "Innsbruck"]
[Date "2020.08.25"]
[Round "5"]
[White "Zoldan, Matteo"]
[Black "Stadlinger, Matthias"]
[Result "1/2-1/2"]
[WhiteElo "2102"]
[BlackElo "1822"]
[PlyCount "64"]
[EventDate "2020.08.22"]
[EventType "swiss"]
[EventRounds "9"]
[EventCountry "AUT"]
[SourceTitle "CBM 198 Extra"]
[Source "ChessBase"]
[SourceDate "2020.11.30"]
[SourceVersion "1"]
[SourceVersionDate "2020.11.30"]
[SourceQuality "1"]

1. c4 e6 2. Nc3 f5 3. g3 Nf6 4. Bg2 Nc6 5. d3 Bb4 6. Bd2 0-0 7. Nf3 b6 8. a3 Bxc3 9. Bxc3 Bb7 10. e3 Ne7 11. 0-0 Qe8 12. b4 h6 13. h4 Ng4 14. a4 g5 15. Ne5 Bxg2 16. Kxg2 Nxe5 17. Bxe5 d6 18. Bc3 g4 19. a5 b5 20. Kg1 a6 21. Rc1 Rc8 22. e4 h5 23. exf5 Rxf5 24. Qe2 e5 25. d4 exd4 26. Bxd4 Nc6 27. Qxe8+ Rxe8 28. Be3 Nxb4 29. cxb5 Rxb5 30. Rxc7 Nd5 31. Rd7 Nxe3 32. fxe3 Rxe3 1/2-1/2

[Event "Rome City op 3rd"]
[Site "Rome"]
[Date "2018.12.02"]
[Round "1"]
[White "Zoldan, Matteo"]
[Black "Kollars, Dmitrij"]
[Result "0-1"]
[WhiteElo "2108"]
[BlackElo "2559"]
[PlyCount "62"]
[EventDate "2018.12.02"]
[EventType "swiss"]
[EventRounds "9"]
[EventCountry "ITA"]
[SourceTitle "CBM 187 Extra"]
[Source "ChessBase"]
[SourceDate "2018.11.04"]
[SourceVersion "1"]
[SourceVersionDate "2018.11.04"]
[SourceQuality "1"]

1. e4 e5 2. Nc3 Nf6 3. Bc4 Nc6 4. d3 Na5 5. Bb3 Nxb3 6. axb3 d5 7. exd5 Bb4 8. Nge2 Nxd5 9. 0-0 0-0 10. Bd2 Ne7 11. f4 exf4 12. Ne4 Bxd2 13. Qxd2 f5 14. N4c3 g5 15. g3 b6 16. gxf4 g4 17. Rae1 Bb7 18. Qe3 Ng6 19. Nd4 Rf6 20. Rf2 Qd7 21. Rfe2 c5 22. Ne6 Nh4 23. Ng5 h6 24. Qe7 Qxe7 25. Rxe7 hxg5 26. Rxb7 Nf3+ 27. Kf2 Nxe1 28. Nd5 Rf7 29. Rxf7 Kxf7 30. Kxe1 gxf4 31. Nxf4 Rh8 0-1

[Event "Prague Summer op 4th"]
[Site "Prague"]
[Date "2017.08.06"]
[Round "3"]
[White "Zoldan, Matteo"]
[Black "Mikes, Jan"]
[Result "1/2-1/2"]
[WhiteElo "2082"]
[BlackElo "2253"]
[PlyCount "49"]
[EventDate "2017.08.04"]
[EventType "swiss"]
[EventRounds "9"]
[EventCountry "CZE"]
[SourceTitle "CBM 179 Extra"]
[Source "ChessBase"]
[SourceDate "2017.08.23"]
[SourceVersion "1"]
[SourceVersionDate "2017.08.23"]
[SourceQuality "1"]

1. e4 c5 2. Nf3 d6 3. d4 cxd4 4. Nxd4 Nf6 5. Nc3 a6 6. f3 e5 7. Nb3 Be6 8. Be3 h5 9. Qd2 Nbd7 10. Nd5 Bxd5 11. exd5 g6 12. Be2 Bg7 13. c4 0-0 14. 0-0 b6 15. Rac1 a5 16. Na1 Nc5 17. Nc2 Re8 18. Rce1 Qd7 19. b3 h4 20. Na3 Nh5 21. Nb5 h3 22. g3 f5 23. Bd1 Re7 24. a3 Ra6 25. b4 1/2-1/2

[Event "Barcelona Sants op 17th"]
[Site "Barcelona"]
[Date "2015.08.27"]
[Round "7"]
[White "Guerrero Sierra, Juan Carlos"]
[Black "Zoldan, Matteo"]
[Result "1-0"]
[WhiteElo "2275"]
[BlackElo "2156"]
[PlyCount "65"]
[EventDate "2015.08.21"]
[EventType "swiss"]
[EventRounds "10"]
[EventCountry "ESP"]
[SourceTitle "EXT 2016"]
[Source "ChessBase"]
[SourceDate "2015.10.08"]
[SourceVersion "1"]
[SourceVersionDate "2015.10.08"]
[SourceQuality "1"]

1. e4 c5 2. Nf3 d6 3. d4 cxd4 4. Nxd4 Nf6 5. Nc3 g6 6. Be3 a6 7. f3 b5 8. Qd2 Bb7 9. 0-0-0 Nbd7 10. g4 Ne5 11. g5 Nfd7 12. f4 Nc4 13. Bxc4 bxc4 14. h4 Nc5 15. Qg2 h5 16. gxh6 Rxh6 17. f5 gxf5 18. Nxf5 Rg6 19. Qf3 Qa5 20. h5 Re6 21. Rd4 Nd7 22. h6 Ne5 23. Qh5 Qc7 24. h7 Ng6 25. h8Q Nxh8 26. Qxh8 0-0-0 27. Qg8 Rf6 28. Rh8 Bxe4 29. Rxe4 Rxf5 30. Qg4 e6 31. Rxc4 Rc5 32. Bxc5 dxc5 33. b3 1-0

[Event "Barcelona Sants op 17th"]
[Site "Barcelona"]
[Date "2015.08.24"]
[Round "4"]
[White "Zoldan, Matteo"]
[Black "Sonis, Francesco"]
[Result "1/2-1/2"]
[WhiteElo "2156"]
[BlackElo "2285"]
[PlyCount "43"]
[EventDate "2015.08.21"]
[EventType "swiss"]
[EventRounds "10"]
[EventCountry "ESP"]
[SourceTitle "EXT 2016"]
[Source "ChessBase"]
[SourceDate "2015.10.08"]
[SourceVersion "1"]
[SourceVersionDate "2015.10.08"]
[SourceQuality "1"]

1. e4 e6 2. d4 d5 3. Nd2 Nf6 4. e5 Nfd7 5. Bd3 c5 6. c3 Nc6 7. Ne2 cxd4 8. cxd4 f6 9. exf6 Nxf6 10. Nf3 Bd6 11. 0-0 Qc7 12. Bg5 0-0 13. Rc1 h6 14. Bh4 Nh5 15. Bb1 g5 16. Qd3 Qg7 17. Bg3 Nf4 18. Nxf4 gxf4 19. Bh4 Bd7 20. Rfe1 Kh8 21. Ne5 Rf5 22. Nxd7 1/2-1/2

[Event "Barcelona Sants op 17th"]
[Site "Barcelona"]
[Date "2015.08.23"]
[Round "3"]
[White "Jaksland, Tim"]
[Black "Zoldan, Matteo"]
[Result "1/2-1/2"]
[WhiteElo "2292"]
[BlackElo "2156"]
[PlyCount "82"]
[EventDate "2015.08.21"]
[EventType "swiss"]
[EventRounds "10"]
[EventCountry "ESP"]
[SourceTitle "EXT 2016"]
[Source "ChessBase"]
[SourceDate "2015.10.08"]
[SourceVersion "1"]
[SourceVersionDate "2015.10.08"]
[SourceQuality "1"]

1. d4 Nf6 2. Nf3 g6 3. c4 Bg7 4. g3 0-0 5. Bg2 d6 6. 0-0 Nc6 7. Nc3 e5 8. dxe5 Nxe5 9. Nxe5 dxe5 10. Qxd8 Rxd8 11. Bg5 Rd7 12. Rad1 c6 13. b3 Rxd1 14. Rxd1 Be6 15. Be3 Kf8 16. h3 Ke8 17. g4 h6 18. Na4 Nd7 19. Bf3 a6 20. Nc5 Nxc5 21. Bxc5 Rd8 22. Rxd8+ Kxd8 23. a4 f5 24. e3 Ke8 25. Kg2 Bf8 26. Bb6 Kd7 27. Bd1 Bd6 28. Bc2 Ke7 29. f3 Ke8 30. Kf2 Ke7 31. Kg2 Kd7 32. Kg3 c5 33. gxf5 gxf5 34. e4 f4+ 35. Kg2 Be7 36. Ba5 h5 37. Be1 h4 38. Bc3 Bd6 39. Bd3 Kc6 40. Be1 Be7 41. Bc3 Bd6 1/2-1/2

[Event "Milan Expo op"]
[Site "Milan"]
[Date "2015.06.26"]
[Round "7"]
[White "Salvador, Roland"]
[Black "Zoldan, Matteo"]
[Result "1-0"]
[WhiteElo "2440"]
[BlackElo "2155"]
[PlyCount "73"]
[EventDate "2015.06.20"]
[EventType "swiss"]
[EventRounds "9"]
[EventCountry "ITA"]
[SourceTitle "CBM 167 Extra"]
[Source "ChessBase"]
[SourceDate "2015.09.14"]
[SourceVersion "1"]
[SourceVersionDate "2015.09.14"]
[SourceQuality "1"]

1. d4 Nf6 2. Nf3 g6 3. Nc3 d5 4. Bf4 c6 5. e3 Bg7 6. Be2 Qa5 7. Qd2 0-0 8. h3 Re8 9. a3 Nfd7 10. b4 Qb6 11. e4 dxe4 12. Nxe4 Nf6 13. Ng3 a5 14. 0-0 Nd5 15. Bc4 Be6 16. Bh6 axb4 17. Bxg7 Kxg7 18. Ng5 Bd7 19. axb4 Na6 20. c3 Nac7 21. Rxa8 Rxa8 22. f4 Bf5 23. Nxf5+ gxf5 24. Qd3 h6 25. Nf3 e6 26. Ne5 Kh7 27. Qf3 Rg8 28. Nxf7 Qa7 29. Re1 Qa3 30. Bxd5 cxd5 31. Qh5 Rg6 32. Nxh6 Kg7 33. Nxf5+ exf5 34. Qxf5 Qxc3 35. Re7+ Kh6 36. Qf8+ Kh5 37. Rh7+ 1-0

[Event "Milan Expo op"]
[Site "Milan"]
[Date "2015.06.23"]
[Round "4"]
[White "D'Avino, Gianfranco"]
[Black "Zoldan, Matteo"]
[Result "1/2-1/2"]
[WhiteElo "2102"]
[BlackElo "2155"]
[PlyCount "92"]
[EventDate "2015.06.20"]
[EventType "swiss"]
[EventRounds "9"]
[EventCountry "ITA"]
[SourceTitle "CBM 167 Extra"]
[Source "ChessBase"]
[SourceDate "2015.09.14"]
[SourceVersion "1"]
[SourceVersionDate "2015.09.14"]
[SourceQuality "1"]

1. d4 Nf6 2. c4 g6 3. g3 Bg7 4. Bg2 0-0 5. Nc3 d6 6. Nf3 Nc6 7. 0-0 e5 8. d5 Ne7 9. c5 Ne8 10. cxd6 cxd6 11. e4 h6 12. Ne1 f5 13. Nd3 g5 14. exf5 Bxf5 15. Nb4 Nf6 16. Nc2 Qd7 17. Ne3 Bg6 18. b3 Rac8 19. Qd2 b5 20. a3 Rc7 21. Bb2 Nf5 22. Bh3 Nd4 23. Bxd7 Nf3+ 24. Kg2 Nxd2 25. Be6+ Kh8 26. Nxb5 Rb7 27. Nxd6 Rxb3 28. Bxe5 Nxf1 29. Nxf1 Ne4 30. Bxg7+ Kxg7 31. Nxe4 Bxe4+ 32. Kg1 Rb2 33. Re1 Bd3 34. Ne3 Rfxf2 35. d6 Rfd2 36. Bd5 Bb5 37. d7 Bxd7 38. Nc4 Re2 39. Rf1 Bh3 40. Rf7+ Kg6 41. Nxb2 Re1+ 42. Kf2 Rf1+ 43. Ke3 Rxf7 44. Bxf7+ Kxf7 45. Kd4 Ke6 46. Nc4 Bf1 1/2-1/2

[Event "Milan Expo op"]
[Site "Milan"]
[Date "2015.06.20"]
[Round "1"]
[White "Burani, Eugenio"]
[Black "Zoldan, Matteo"]
[Result "0-1"]
[WhiteElo "1828"]
[BlackElo "2155"]
[PlyCount "73"]
[EventDate "2015.06.20"]
[EventType "swiss"]
[EventRounds "9"]
[EventCountry "ITA"]
[SourceTitle "CBM 167 Extra"]
[Source "ChessBase"]
[SourceDate "2015.09.14"]
[SourceVersion "1"]
[SourceVersionDate "2015.09.14"]
[SourceQuality "1"]

1. e4 c5 2. Nf3 d6 3. d4 cxd4 4. Nxd4 Nf6 5. Nc3 g6 6. Be2 Bg7 7. Be3 a6 8. 0-0 0-0 9. f4 Nc6 10. Nxc6 bxc6 11. g4 Rb8 12. g5 Nd7 13. Na4 c5 14. Rb1 Qa5 15. c3 Bb7 16. b4 Qc7 17. bxc5 Bxe4 18. cxd6 exd6 19. Rxb8 Rxb8 20. Bd4 Bb7 21. Bxg7 Kxg7 22. Qd4+ Kg8 23. Nb2 Re8 24. Bf3 Bxf3 25. Rxf3 Qb7 26. Re3 Rxe3 27. Qxe3 Qxb2 28. Qe8+ Nf8 29. Qa4 Qb5 30. Qd1 Qc5+ 31. Kg2 Ne6 32. Qf3 a5 33. h4 Kg7 34. Kg3 h5 35. gxh6+ Kxh6 36. Qh1 Qc4 37. Kg4 0-1

[Event "Reykjavik op"]
[Site "Reykjavik"]
[Date "2014.03.10"]
[Round "8"]
[White "Zoldan, Matteo"]
[Black "Valtysson, Thor"]
[Result "1-0"]
[WhiteElo "2209"]
[BlackElo "1998"]
[PlyCount "127"]
[EventDate "2014.03.04"]
[EventType "swiss"]
[EventRounds "10"]
[EventCountry "ISL"]
[SourceTitle "CBM 159 Extra"]
[Source "ChessBase"]
[SourceDate "2014.04.24"]
[SourceVersion "1"]
[SourceVersionDate "2014.04.24"]
[SourceQuality "1"]

1. c4 c6 2. Nf3 d5 3. d4 Nf6 4. Nc3 dxc4 5. a4 Bf5 6. e3 e6 7. Bxc4 Bb4 8. 0-0 0-0 9. Qe2 Nbd7 10. e4 Bg6 11. e5 Nd5 12. Ne4 Be7 13. Rd1 N7b6 14. Bb3 Nb4 15. Bf4 N6d5 16. Bg3 a5 17. Nfd2 Kh8 18. Nc4 Bh4 19. Ncd6 Rb8 20. Qg4 Be7 21. Qe2 Bh4 22. Rd2 Bxg3 23. hxg3 Qe7 24. Re1 Nc7 25. f4 Nbd5 26. Qf2 Ne8 27. Nxe8 Rfxe8 28. Nd6 Rf8 29. g4 f5 30. Bxd5 cxd5 31. g5 Be8 32. Rc2 Bxa4 33. Rc5 Bc6 34. Rxa5 Ra8 35. Rea1 Rxa5 36. Rxa5 Qc7 37. Ra3 Kg8 38. Qh4 g6 39. Qe1 Qb6 40. Qc3 Rd8 41. Kf2 Rb8 42. Ke3 Qd8 43. Qe1 Ra8 44. Rb3 Ra7 45. g3 Qa8 46. Qb4 Ba4 47. Ra3 Bc6 48. Kd2 Rxa3 49. Qxa3 Qb8 50. Qa5 Kg7 51. Kc3 b6 52. Qa6 Bd7 53. Kb4 Kf8 54. Nb5 Bc8 55. Qa3 Qb7 56. Kb3+ Kg8 57. Qd6 Bd7 58. Qc7 Qxc7 59. Nxc7 Kf7 60. Na8 Bc6 61. Nxb6 Ke8 62. Kb4 Kd8 63. Kc5 Kc7 64. Nc8 1-0

[Event "Reykjavik op"]
[Site "Reykjavik"]
[Date "2014.03.07"]
[Round "5"]
[White "Baldvinsson, Loftur"]
[Black "Zoldan, Matteo"]
[Result "1/2-1/2"]
[WhiteElo "2007"]
[BlackElo "2209"]
[PlyCount "42"]
[EventDate "2014.03.04"]
[EventType "swiss"]
[EventRounds "10"]
[EventCountry "ISL"]
[SourceTitle "CBM 159 Extra"]
[Source "ChessBase"]
[SourceDate "2014.04.24"]
[SourceVersion "1"]
[SourceVersionDate "2014.04.24"]
[SourceQuality "1"]

1. e4 c5 2. Nf3 d6 3. d4 cxd4 4. Nxd4 Nf6 5. Nc3 g6 6. Be3 a6 7. f3 Bg7 8. Qd2 b5 9. Bd3 Bb7 10. Bh6 Bxh6 11. Qxh6 Nbd7 12. h4 e5 13. Nb3 b4 14. Ne2 Rc8 15. g4 d5 16. exd5 Bxd5 17. Nd2 Nc5 18. Rh2 Nxd3+ 19. cxd3 Be6 20. h5 Qxd3 21. Qg5 Rd8 1/2-1/2

[Event "Reykjavik op"]
[Site "Reykjavik"]
[Date "2014.03.05"]
[Round "3"]
[White "Saraiva, Alexandre Pacheco"]
[Black "Zoldan, Matteo"]
[Result "0-1"]
[WhiteElo "1963"]
[BlackElo "2209"]
[PlyCount "42"]
[EventDate "2014.03.04"]
[EventType "swiss"]
[EventRounds "10"]
[EventCountry "ISL"]
[SourceTitle "CBM 159 Extra"]
[Source "ChessBase"]
[SourceDate "2014.04.24"]
[SourceVersion "1"]
[SourceVersionDate "2014.04.24"]
[SourceQuality "1"]

1. c4 g6 2. Nf3 Bg7 3. Nc3 d6 4. g3 e5 5. Bg2 Nc6 6. 0-0 Nf6 7. d3 h6 8. h3 0-0 9. e4 Nd7 10. a3 a5 11. Bd2 Nc5 12. Qc2 a4 13. Rad1 f5 14. Nd5 fxe4 15. dxe4 Rxf3 16. Bxf3 Nd4 17. Qc3 c6 18. Nb4 Qf8 19. Kg2 Nxf3 20. Be3 Nxe4 21. Qc2 Neg5 0-1

[Event "Vienna Husek op-A"]
[Site "Vienna"]
[Date "2012.08.13"]
[Round "1"]
[White "Zoldan, Matteo"]
[Black "Kassel, Walter"]
[Result "1-0"]
[WhiteElo "2191"]
[BlackElo "1961"]
[PlyCount "59"]
[EventDate "2012.08.13"]
[EventType "swiss"]
[EventRounds "7"]
[EventCountry "AUT"]
[SourceTitle "EXT 2014"]
[Source "ChessBase"]
[SourceDate "2013.11.20"]
[SourceVersion "1"]
[SourceVersionDate "2013.11.20"]
[SourceQuality "1"]

1. e4 c5 2. Nf3 d6 3. d4 cxd4 4. Nxd4 Nf6 5. Nc3 a6 6. f3 e5 7. Nb3 Be6 8. Be3 Qc7 9. g4 Be7 10. Qd2 h6 11. h4 Nc6 12. 0-0-0 Na5 13. Kb1 Nxb3 14. cxb3 Qa5 15. Be2 g6 16. Bxh6 Ng8 17. Bg5 f6 18. Be3 0-0-0 19. Bc4 Bxc4 20. bxc4 f5 21. Qf2 Rf8 22. Bb6 Qb4 23. Nd5 Qa4 24. exf5 Bxh4 25. Qe2 Ne7 26. Rxh4 Rxh4 27. Nxe7+ Kd7 28. Nxg6 Rh2 29. Nxf8+ Ke8 30. b3 1-0

[Event "Vienna op 17th"]
[Site "Vienna"]
[Date "2011.08.14"]
[Round "2"]
[White "Gozzoli, Yannick"]
[Black "Zoldan, Matteo"]
[Result "1-0"]
[WhiteElo "2532"]
[BlackElo "2200"]
[PlyCount "71"]
[EventDate "2011.08.13"]
[EventType "swiss"]
[EventRounds "9"]
[EventCountry "AUT"]
[SourceTitle "CBM 143 Extra"]
[Source "ChessBase"]
[SourceDate "2011.08.29"]
[SourceVersion "1"]
[SourceVersionDate "2011.08.29"]
[SourceQuality "1"]

1. d4 Nf6 2. c4 g6 3. Nc3 Bg7 4. e4 d6 5. Nf3 0-0 6. h3 e5 7. d5 Na6 8. Bg5 h6 9. Be3 Nc5 10. Nd2 a5 11. g4 c6 12. a3 a4 13. Be2 Qa5 14. Kf1 Bd7 15. h4 cxd5 16. cxd5 b5 17. g5 hxg5 18. hxg5 Nh7 19. Kg2 f5 20. exf5 Bxf5 21. Qg1 Qd8 22. Qh2 Nxg5 23. Qh4 Nge6 24. dxe6 Nxe6 25. Qxd8 Rfxd8 26. Nd5 Nf4+ 27. Bxf4 exf4 28. Ne7+ Kf8 29. Nxf5 gxf5 30. Rab1 Rab8 31. Rh5 Be5 32. Nf3 Ke7 33. Bd3 b4 34. Re1 bxa3 35. bxa3 Rb3 36. Bc4 1-0

[Event "Cento op 1st"]
[Site "Cento"]
[Date "2011.02.11"]
[Round "7"]
[White "Zoldan, Matteo"]
[Black "Drasko, Milan"]
[Result "0-1"]
[WhiteElo "2195"]
[BlackElo "2486"]
[PlyCount "84"]
[EventDate "2011.02.05"]
[EventType "swiss"]
[EventRounds "9"]
[EventCountry "ITA"]
[SourceTitle "CBM 140 Extra"]
[Source "ChessBase"]
[SourceDate "2011.03.01"]
[SourceVersion "1"]
[SourceVersionDate "2011.03.01"]
[SourceQuality "1"]

1. e4 e6 2. d4 d5 3. Nc3 Bb4 4. e5 Ne7 5. a3 Bxc3+ 6. bxc3 c5 7. Qg4 0-0 8. Bd3 f5 9. exf6 Rxf6 10. Bg5 Rf7 11. Qh5 g6 12. Qd1 Nbc6 13. Nf3 Qf8 14. 0-0 c4 15. Be2 h6 16. Bc1 Kh7 17. a4 Bd7 18. Rb1 b6 19. a5 bxa5 20. Ba3 Rd8 21. Re1 Bc8 22. Bc5 Qg7 23. Bf1 Nf5 24. Qc1 Nd6 25. Bxd6 Rxd6 26. Ne5 Nxe5 27. Rxe5 Qf8 28. Re2 Ra6 29. Ra1 a4 30. Qa3 Qxa3 31. Rxa3 Rb7 32. f4 Rb1 33. Kf2 Bd7 34. g3 Kg7 35. Bh3 Kf6 36. Ke3 Rab6 37. Kd2 Rh1 38. Bg4 Rbb1 39. Bf3 Rhd1+ 40. Ke3 Ra1 41. Rxa1 Rxa1 42. Kd2 a3 0-1